Nevson's General Knowledge Multiple-Choice Trivia #1 - Statistics

General Stats
  • This quiz has been taken 24 times
    15 since last reset
  • The average score is 6 of 20
Answer Stats
Question Answer % Correct
What is the world's largest island? Greenland
57%
Which of these countries has a Christian majority population? Ethiopia
50%
What is the definition of Zugzwang? A situation in chess where any move worsens your position.
43%
Who bore Nelson's child? Emma, Lady Hamilton
43%
According to Suetonius, which Roman emperor lived a scandalous private life on Capri after withdrawing from office? Tiberius
43%
Which of the following books has sold the most copies? Don Quixote
36%
What is the capital city of Burkina Faso? Ouagadougou
36%
Which of these inventions came first? Pocket watch
36%
Which of these countries has the largest population? Sudan
36%
Which U.S. president has won the Nobel Peace Prize? Woodrow Wilson
36%
Which of these is a member of the United Nations? Burundi
29%
Which of these world leaders actually held the title dictator? Julius Caesar
29%
What area did backgammon purportedly originate from? Mesopotamia
29%
Which of these people actually existed? Saladin
29%
Which country has the second-most Australians in the world? United Kingdom
29%
Which Romance language became extinct most recently? Dalmatian
21%
How many pieces does each player start with in backgammon? 15
14%
In the Brothers Grimm's version of "Cinderella", how does Cinderella obtain her dress? Birds from a tree Cinderella prays beneath provide her with a dress.
14%
Which mosque was the first in the world to be electrified? Gazi Husrev-beg Mosque, Sarajevo, Bosnia and Herzegovina
7%
Which of these words once meant "foolish"? Nice
0%
No matching quizzes found
Score Distribution
Percent of People with Each Score
Percentile by Number Answered
Your Score History
You have not taken this quiz since the last reset